000
00256nam a2200097Ia 4500
001
1208029
005
20250827022838.0
008
250824s9999 xx 000 0 und d
245
0
_a
YAŞAM BİR SEYAHATTİR
_c
MEHMET ÖĞÜTÇÜ
260
_b
DESTEK YAYINLARI
999
_c
1208029
_d
1208029